01178nab a2200241 4500003001000000005001700010008004100027040001400068041000800082100008900090245006600179260003500245300001300280500041100293650001600704650001300720650002200733650003100755650001500786650002600801650001600827773009300843AR-RoBPED20260422103914.0260422b |||||||| |||| 00| 0 spa d aAR-RoBPED aspa1 aBanchero, María IsabeleLicenciada en Enseñanza de la Lengua y la Comunicación1 aPalabras técnicas: bla lengua como contenido transversal / aBuenos Aires :bNoveduc,c2024 a56-57 p. aSe presenta una propuesta para abordar contenidos del diseño curricular correspondiente al Nivel Secundario de la Educación Técnica (Resolución 2757/11), teniendo en cuenta los saberes previos de los estudiantes con los que se ejecutará lo proyectado. Se trata de una serie de trayectos/clases que hacen foco en el trabajo con el léxico, con la composición y la etimología de las palabras.  7aNIVEL MEDIO 7aHISTORIA 7aLENGUA ESPAÑOLA 7aACTIVIDADES DE APRENDIZAJE 7aETIMOLOGIA 0aPROPUESTA DIDÁCTICA 7aAPRENDIZAJE0 020414dBuenos Aires : Noveduc, 1993-tNovedades Educativasw(AR-RoBPED)20414x03283534